Countries by Longest Building - Statistics

General Stats
  • This quiz has been taken 30 times
  • The average score is 6 of 10
Answer Stats
Building Length (metres) Country % Correct
LIGO-Livingston 4,000 United States
100%
Great Wall of China 8,851,800 China
92%
Kumbhalgarh 36,000 India
79%
Fenestrelle Fort 2987.04 Italy
79%
The Colossus of Prora 4,500 Germany
75%
Government Complex, Sejong 3,500 South Korea
58%
Diyarbakir Wall 6,000 Turkey
54%
Great Wall of Gorgan 195,000 Iran
46%
Ranikot Fort 26,000 Pakistan
38%
Walls of Ston 5,500 Croatia
4%
No matching quizzes found
Score Distribution
Percent of People with Each Score
Percentile by Number Answered
Your Score History
You have not taken this quiz